LIBRARY & INFORMATION CENTRE, KCAET, TAVANUR

ONLINE PUBLIC ACCESS CATALOGUE (OPAC)

Rice in Kerala / (Record no. 8770)

MARC details
000 -LEADER
fixed length control field 00293cam a2200121ua 4500
082 ## - DEWEY DECIMAL CLASSIFICATION NUMBER
Classification number 633.18
Item number SAH/RI
100 ## - MAIN ENTRY--AUTHOR NAME
Personal name Sahadevan, P. C .
245 ## - TITLE STATEMENT
Title Rice in Kerala /
250 ## - EDITION STATEMENT
Edition statement 1 /
260 ## - PUBLICATION, DISTRIBUTION, ETC. (IMPRINT)
Place of publication Kerala :
Name of publisher Agricultural Information Service ,
Year of publication 1994.
300 ## - PHYSICAL DESCRIPTION
Number of Pages 239 ; .
942 ## - ADDED ENTRY ELEMENTS (KOHA)
Koha item type Books
Holdings
Withdrawn status Lost status Damaged status Home library Current library Date acquired Full call number Accession Number Koha item type
      KAUAET KAUAET 07/04/2012 633.18 13099 Books
      KAUAET KAUAET 07/04/2012 633.18 13100 Books
free website counter